| 000 | 00347nam a2200133Ia 4500 | ||
|---|---|---|---|
| 008 | 230917s9999||||xx |||||||||||||| ||und|| | ||
| 040 |
_e105170 _aMAIN |
||
| 041 | _aEnglish | ||
| 082 | _a380 S46C | ||
| 100 | _aSukhjinder Singh | ||
| 245 | 0 | _aConsumer's behaviour towards motorbikes: A case study of Jhajjar city | |
| 300 | _a104 p. | ||
| 942 | _cTH | ||
| 999 |
_c88119 _d88119 |
||